Stati che terminano con la U - Statistics

Statistiche generali
  • Questo quiz è stato fatto 92 volte
  • Il punteggio medio è 4 su 6
Statistiche sulle risposte
Superficie (km²) Popolazione (ab.) Stato % Corretto
459 17 900 Palau
86%
12 189 300 019 Vanuatu
85%
26 10 507 Tuvalu
84%
21 12 623 Nauru
83%
1 285 216 32 625 948 Perù
54%
36 125 1 624 945 Guinea Bissau
37%
Nessun quiz corrispondente trovato
Distribuzione punteggi
Percentuale di utenti per punteggio
Percentile per numero di risposta
I tuoi punteggi nel tempo
Non hai fatto questo quiz